Cytogenetics and genetics of vectors : proceedings of a symposium of the XVIth International Congress of Entomology /

Bibliographic Details
Corporate Author: International Congress of Entomology
Other Authors: Pal, R., Kitzmiller, James Blaine, 1918-, Kanda, T. (Tōzō), 1924-
Format: Conference Proceeding Book
Language:English
Published: Tokyo : Amsterdam ; New York : Kodansha ; Elsevier Biomedical Press ; [1981]
Series:Kodansha scientific books.
Subjects:

MARC

Tag First Indicator Second Indicator Subfields
LEADER 00000cam a22000008a 4500
001 in00000070190
005 20151008061630.0
008 811127s1981 ja b 10100 eng
010 |a  81019475  
020 |a 0444803823 
035 |a (OCoLC)08031752 
035 |9 AAJ8482AM 
039 0 |a 2  |b 3  |c 3  |d 3  |e 3 
040 |a DLC  |c DLC  |d TXA  |d UtOrBLW 
049 |a TXAM  |c [1673292] 
050 0 0 |a QL536  |b .C95 1981 
060 0 |a QX 650 C997 1980 
082 0 |a 614.4/323  |2 19 
245 0 0 |a Cytogenetics and genetics of vectors :  |b proceedings of a symposium of the XVIth International Congress of Entomology /  |c editors, R. Pal, J.B. Kitzmiller, T. Kanda. 
263 |a 8201 
264 1 |a Tokyo :  |b Kodansha ;  |a Amsterdam ;  |a New York :  |b Elsevier Biomedical Press ;  |c [1981] 
264 2 |a New York :  |b Distributors for the U.S. and Canada, Elsevier Science Pub. Co., 
264 4 |c ©1981 
300 |a x, 265 pages :  |b illustrations ;  |c 27 cm. 
336 |a text  |b txt  |2 rdacontent 
337 |a unmediated  |b n  |2 rdamedia 
338 |a volume  |b nc  |2 rdacarrier 
490 1 |a Kodansha scientific books 
504 |a Includes bibliographies and index. 
650 0 |a Mosquitoes  |x Genetics  |x Congresses. 
650 0 |a Insects  |x Genetics  |x Congresses. 
650 0 |a Mosquitoes as carriers of disease  |x Congresses. 
650 0 |a Insects as carriers of disease  |x Congresses. 
650 2 |a Insect Vectors  |x genetics  |x Congresses. 
700 1 |a Pal, R. 
700 1 |a Kitzmiller, James Blaine,  |d 1918- 
700 1 |a Kanda, T.  |q (Tōzō),  |d 1924- 
711 2 |a International Congress of Entomology  |n (16th) 
830 0 |a Kodansha scientific books. 
999 |a MARS 
999 f f |s ab2919d6-99d8-3e71-a8dc-7e0b1581ab93  |i efc915e2-d606-3a74-a89e-a2cd7f54ccea  |t 0 
952 f f |p ric  |a Texas A&M University  |b Rellis Campus  |c Joint Library Facility  |d Remote Storage  |t 0  |e QL536 .C95 1981  |h Library of Congress classification  |i unmediated -- volume  |m A14806220980 
998 f f |a QL536 .C95 1981  |t 0  |l Remote Storage